LEADER 01012nam0-22003011i-450- 001 990008033660403321 005 20050330132353.0 010 $a88-244-1239-4 035 $a000803366 035 $aFED01000803366 035 $a(Aleph)000803366FED01 035 $a000803366 100 $a20050330d1997----km-y0itay50------ba 101 0 $aita 102 $aIT 105 $ay-------001yy 200 1 $aCorsi di riqualificazione nel Ministero delle finanze$eassistenti tributari, collaboratori tributari, funzionari tributari$equestionari sulle domande di tipologia A, B e C con l'indicazione dei relativi riferimenti normativi e amministrativi 210 $aNapoli$cEsselibri-Simone$d1997 215 $a542 p.$d24 cm 225 1 $aEdizioni Simone 676 $a379.1$v12 rid.$zita 801 0$aIT$bUNINA$gRICA$2UNIMARC 901 $aBK 912 $a990008033660403321 952 $aVI F 967$b967$fDDA 959 $aDDA 996 $aCorsi di riqualificazione nel Ministero delle finanze$9755118 997 $aUNINA LEADER 01390nam a2200265 4500 001 991002987669707536 005 20250430125932.0 008 941125s1773 fr b 000 0 fre 035 $ab1426495x-39ule_inst 035 $aCICOGNARA-0623$9ExL 040 $aBibl. Interfacoltà T. Pellegrino$bita 041 0 $afre 100 1 $aBasan, Pierre François$d<1723-1797.>$0716518 245 10$aCatalogue d'une très-belle collection de tableaux de différens grands maîtres des trois écoles :$brassemblés par un artiste: dont la vente se fera le lundi 11 janvier 1773 ...$cPar Fr. Basan. 260 $aParis,$bchez Basan,$c1773. 300 $a30 p.; $c18 cm. 500 $aRiproduzione in microfiche dell'originale conservato presso la Biblioteca Apostolica Vaticana 787 18$iLeopoldo Cicognara Program :$tBiblioteca Cicognara$h[microform] : literary sources in the history of art and kindred subjects 787 18$tCatalogo ragionato dei libri d'arte e d'antichità / Leopoldo Cicognara 907 $a.b1426495x$b01-04-22$c28-07-16 912 $a991002987669707536 945 $aLE002 SB Raccolta Cicognara, mcrf 4455(1)$g0$lle002$pE0.00$rn$so $t11$u0$v0$w0$x0$y.i15735795$z28-07-16 996 $aCatalogue d'une très-belle collection de tableaux de différens grands maîtres des trois écoles$91388579 997 $aUNISALENTO 998 $ale002$b28-07-16$cm$dg $e-$ffre$gfr $h0$i1